000 00305nam a22001337a 4500
999 _c259266
_d259265
003 OSt
005 20220920115438.0
008 220920b xxu||||| |||| 00| 0 eng d
040 _cN/A
100 _aEdward Hinga
245 _aCha Moyoni mwako kisetiri
260 _aNairobi
_bKLB
_c1981
942 _2lcc
_cBK